00375nam a22001457a 450000500170000000800410001702000150005804100120007308200130008510000120009824500190011026000470012930000280017665000250020420240823053004.0240823b |||||||| |||| 00| 0 eng d a0702115908 aEnglish a349 ACT  lEnglish aActa Juridica  aCape Town: bJuta and Company Ltd, c1984  bx, 281 pages; c25 cm.  aLegal practice bLaw